00899nam a2200241 i 450000100060000000300090000600500170001500700030003200800410003510000260007624501560010225000120025826000530027030000300032349000210035365000310037470000360040570000290044183000260047085200220049699900170051895201220053596070ES-MaACL20250909204128.0t|050610s1964 sp ||||1| spa d1 aMaddox, Harry.97530710aCómo estudiar / cHarry Maddox; [traducción y adaptación del capítulo "Cómo escribir el castellano", de M. Dolores Bordas y Prudencio Comes]. a1ª ed. aVilasar de Mar, Barcelona : bOccidente, c1964. a243 p. : bil. ; c22 cm.1 aLibros Tau ; v104aEstudio-xMétodos9125761 aBordas, María Dolores.9303821 aComes, Prudencio.93999810aLibros Tauv19182006 aES-MaACLjC-28268 c96070d96070 00104070aATENEOMbATENEOMcDEPO2d2008-01-17eSCl0oC-28268p1100306r2023-02-23 00:00:00w2023-02-23yMONOGRAFIA